00453 2200181 4500001002100000005001500021008004100036020002200077035001900099041000700118082001100125090001700136100002300153245002000176260003200196300002700228650001600255INLIS00000000000078320241224112230241224||||||||| | ||| |||| || |  a978-979-063-547-0 0010-1224000783 aid0 a297.51 a297.51 HAR l0 aHaritsah J.Mustafa00aLibatkan Allah! aJakartabZikrul Hakimc2009 a256 hlm.; 14 x 20,5 cm 0aAgama Islam